|
|
|
|
| LEADER |
00000nam0a2200000 4500 |
| 001 |
238440 |
| 005 |
20231101231615.0 |
| 010 |
|
|
|a 9785769595042
|
| 035 |
|
|
|a (RuTPU)RU\TPU\book\259631
|
| 090 |
|
|
|a 238440
|
| 100 |
|
|
|a 20130527d2013 m y0rusy50 ca
|
| 101 |
0 |
|
|a rus
|
| 102 |
|
|
|a RU
|
| 105 |
|
|
|a y j 001zy
|
| 200 |
1 |
|
|a Методика обучения физической культуре
|e учебник
|f Ю. Д. Железняк, И. В. Кулишенко, Е. В. Крякина
|g под ред. Ю. Д. Железняка
|
| 210 |
|
|
|a Москва
|c Академия
|d 2013
|
| 215 |
|
|
|a 255 с.
|
| 225 |
1 |
|
|a Высшее профессиональное образование. Педагогическое образование
|
| 225 |
1 |
|
|a Бакалавриат
|
| 320 |
|
|
|a Библиогр.: с. 226-227.
|
| 330 |
|
|
|a Учебник создан в соответствии с Федеральным государственным образовательным стандартом по направлению подготовки «Педагогическое образование» профиль «Физическая культура» (квалификация «бакалавр»).В учебнике показано, какое место в содержании общего среднего и профессионального физкультурного образования занимает предмет «Физическая культура»; раскрыто его значение; описана технология учебно-воспитательного процесса в учреждениях общего среднего образования с учетом специфики предмета и своеобразия его функций в образовании, воспитании и развитии детей школьного возраста. Определено значение методики обучения физической культуре в подготовке бакалавров по направлению «Педагогическое образование» профиль «Физическая культура», в формировании у них профессиональных компетенций. Учебник подготовлен с использованием материалов 5-го издания учебного пособия «Теория и методика обучения предмету "Физическая культура"» под редакцией Ю.Д.Железняка. Для студентов высших учебных заведений.
|
| 606 |
1 |
|
|a Физическая культура и спорт
|x Педагогико-психологические основы
|2 stltpush
|3 (RuTPU)RU\TPU\subj\63805
|9 80742
|
| 610 |
1 |
|
|a физическое воспитание
|
| 610 |
1 |
|
|a обучение
|
| 610 |
1 |
|
|a высшее профессиональное образование
|
| 610 |
1 |
|
|a физическая культура
|
| 610 |
1 |
|
|a физкультурное образование
|
| 610 |
1 |
|
|a образовательные стандарты
|
| 610 |
1 |
|
|a дидактические принципы
|
| 610 |
1 |
|
|a планирование
|
| 610 |
1 |
|
|a начальная школа
|
| 610 |
1 |
|
|a средняя школа
|
| 610 |
1 |
|
|a учебно-воспитательный процесс
|
| 610 |
1 |
|
|a программирование
|
| 610 |
1 |
|
|a учебные пособия
|
| 610 |
1 |
|
|a методика
|
| 675 |
|
|
|a 796.011(075.8)
|v 3
|
| 700 |
|
1 |
|a Железняк
|b Ю. Д.
|g Юрий Дмитриевич
|
| 701 |
|
1 |
|a Кулишенко
|b И. В.
|g Ирина Владимировна
|
| 701 |
|
1 |
|a Крякина
|b Е. В.
|g Елена Валерьевна
|
| 702 |
|
1 |
|a Железняк
|b Ю. Д.
|g Юрий Дмитриевич
|4 340
|
| 801 |
|
1 |
|a RU
|b 63413507
|c 20130527
|
| 801 |
|
2 |
|a RU
|b 63413507
|c 20150904
|g RCR
|
| 942 |
|
|
|c BK
|
| 959 |
|
|
|a 84/20130422
|d 7
|e 344,00
|f ЧЗГЛ:1
|f АНЛ:1
|f УФ:5
|